000 00823nam a22002295a 4500
005 20161012132547.0
008 161012s2008 ua fr f001 0 eng d
020 _a9789774162381
040 _aEG-ScBUE
_beng
_cEG-ScBUE
_dEG-ScBUE
082 0 4 _222
_a320.9174927
_bBEY
245 0 0 _aBeyond the fac̦ade :
_bpolitical reform in the Arab world /
_cedited by Marina Ottaway, Julia Choucair-Vizoso.
260 _aCario :
_bAmerican University in Cario,
_c2008.
300 _ax, 295 p. ;
_c24 cm.
500 _aIndex : p. 277-292.
650 7 _2BUEsh
_911822
_aDemocratization
_zArab countries.
650 7 _aArab countries
_xPolitics and government
_y1945-
_941502
_2BUEsh
651 _2BUEsh
653 _bBUSBOL
_cOctober2016
700 1 _aOttaway, Marina,
_eeditor.
700 1 _aChoucair-Vizoso, Julia,
_eeditor.
942 _2ddc
999 _c22534
_d22506